Hoàng Trung Thông một đời thơ văn

Salvato in:
Dettagli Bibliografici
Natura: Libro
Lingua:Undetermined
Pubblicazione: Hà Nội Hội Nhà Văn 1998
Soggetti:
Tags: Aggiungi Tag
Nessun Tag, puoi essere il primo ad aggiungerne! !
Thư viện lưu trữ: Trung tâm Học liệu Trường Đại học Cần Thơ
LEADER 00515nam a2200169Ia 4500
001 CTU_27484
008 210402s9999 xx 000 0 und d
020 |b 36.000đ 
082 |a 895.92209 
082 |b H407 
245 0 |a Hoàng Trung Thông một đời thơ văn 
260 |a Hà Nội 
260 |b Hội Nhà Văn 
260 |c 1998 
650 |a vietnamese literature - 20th century - history and criticism 
904 |i Minh, 981223 
980 |a Trung tâm Học liệu Trường Đại học Cần Thơ